000 00303nam a2200133Ia 4500
005 20251222143311.0
008 251222s9999||||xx |||||||||||||| ||spa||
020 _a84-285-2790-3
082 _a234.92/R27
100 _aRatzinger, Joseph
245 0 _aLa Iglesia:
264 _bSan Pablo
942 _cLIB
999 _c15716
_d15716